Get to Know Our Child : (Record no. 186889)

MARC details
000 -LEADER
fixed length control field 00916nam a2200241 n 4500
003 - CONTROL NUMBER IDENTIFIER
control field OSt
005 - DATE AND TIME OF LATEST TRANSACTION
control field 20220105124658.0
008 - FIXED-LENGTH DATA ELEMENTS--GENERAL INFORMATION
fixed length control field 220105s2009 my ao g c a000 0 eng d
040 ## - CATALOGING SOURCE
Original cataloging agency PPAK
Language of cataloging eng
Transcribing agency PPAK
Description conventions rda
082 04 - DEWEY DECIMAL CLASSIFICATION NUMBER
Edition number 23
Classification number 362.29
090 00 - LOCALLY ASSIGNED LC-TYPE CALL NUMBER (OCLC); LOCAL CALL NUMBER (RLIN)
Classification number (OCLC) (R) ; Classification number, CALL (RLIN) (NR) 362.29
Feature heading GET
Feature heading KHR
245 00 - TITLE STATEMENT
Title Get to Know Our Child :
Remainder of title Prevention Begin @ Home /
Statement of responsibility, etc. PATRON : Y.A. Bhg Tun Dr. Siti Hasmah Bt Hj. Mohd Ali ; MAIN ORGANIZER : PENGASIH dan PETRONAS
264 #1 - PRODUCTION, PUBLICATION, DISTRIBUTION, MANUFACTURE, AND COPYRIGHT NOTICE
Place of production, publication, distribution, manufacture Kuala Lumpur :
Name of producer, publisher, distributor, manufacturer The Secretariat KENALI ANAK KITA (Get to Know Our Child),
Date of production, publication, distribution, manufacture, or copyright notice 2009
300 ## - PHYSICAL DESCRIPTION
Extent [24 pages] :
Other physical details colour photographs ;
Dimensions 25 cm.
336 ## - CONTENT TYPE
Source rdacontent
Content type term text
337 ## - MEDIA TYPE
Source rdamedia
Media type term unmediated
338 ## - CARRIER TYPE
Source rdacarrier
Carrier type term volume
650 10 - SUBJECT ADDED ENTRY--TOPICAL TERM
Topical term or geographic name entry element Drug abuse
Form subdivision Prevention
Topical term or geographic name entry element Government publications
Geographic subdivision Malaysia
700 0# - ADDED ENTRY--PERSONAL NAME
Personal name Siti Hasmah Bt Hj. Mohd Ali,
Titles and other words associated with a name Y.A. Bhg Tun Dr.,
Relator term patron.
710 2# - ADDED ENTRY--CORPORATE NAME
Corporate name or jurisdiction name as entry element Pengasih dan Petronas,
Relator term issuing body.
942 ## - ADDED ENTRY ELEMENTS (KOHA)
Source of classification or shelving scheme Dewey Decimal Classification
Koha item type Book
Holdings
Withdrawn Not for loan Current library Shelving location Date acquired Full call number Barcode Date last seen Koha item type
  Not For Loan Perpustakaan Alor Setar Koleksi Halim R 10/01/2022 KHR 362.29 GET A00501158 10/01/2022 Book